Epic: The Musical Characters by Quote - Statistics

General Stats
  • This quiz has been taken 62 times
  • The average score is 19 of 23
Answer Stats
Hint Answer % Correct
"Remember me, I'm the reigning king of Ithaca" Odysseus
100%
"Hey baby" Hera
98%
"Father, god king, rarely do I ask for favors" Athena
96%
"And I call this root, 'Holy Moly'...EHEHEHEH" Hermes
96%
"You killed my sheep...my favorite sheep..." Polyphemus
96%
"Ruthlessness is mercy upon ourselves" Poseidon
96%
"Anyways, I've got all you could want here" Calypso
93%
"Everyone's true colors are revealed in acts of lust" Circe
93%
"Don't tell me you're not the same person" Penelope
93%
"Why not make it a game?" Zeus
93%
"Give me a chance, a single opportunity" Telemachus
91%
"You can relax my friend" Polites
85%
"He didn't even fight Scylla, didn't even try Tequila" Ares
83%
"All you gotta do is not open this bag" Aeolus
80%
"The one way you'll get home, is sailing where he's scared to roam" Siren
74%
"When's your tramp of a mother gonna choose a new husband?" Antinous
72%
"I opened the Wind Bag while you were asleep" Eurylochus
72%
"Why should I give him my support, he sacrificed his own cohort?" Hephaestus
72%
"But it's no longer you" Tiresias
67%
"We must do what it takes to survive" Scylla
63%
"I'll stay in your heart" Anticlea
50%
"Sometimes killing is a must" Winions
50%
"Gimme that baby and I'd yeet it off a tower" Perimedes
43%
No matching quizzes found
Score Distribution
Percent of People with Each Score
Percentile by Number Answered
Your Score History
You have not taken this quiz